90 secs Countries of the World: by Tripoint Initials - Statistics

General Stats
  • This quiz has been taken 187 times
  • The average score is 63 of 133
Answer Stats
Country % Correct
China
81%
France
78%
Russia
76%
Switzerland
75%
Germany
71%
Bolivia
69%
Brazil
69%
Andorra
68%
Austria
68%
Bulgaria
68%
Greece
68%
India
68%
Macedonia
68%
Spain
68%
Burma
66%
Guatemala
66%
Argentina
63%
Chile
63%
Belize
59%
Italy
59%
Mexico
59%
Nepal
59%
Peru
59%
Libya
58%
Algeria
56%
Bhutan
56%
Burkina Faso
56%
Chad
56%
Colombia
56%
Democratic Republic of the Congo
56%
Iran
56%
Laos
56%
South Africa
56%
Cambodia
54%
Central African Republic
54%
Czech Republic
54%
Mozambique
54%
Poland
54%
Turkey
54%
Belarus
53%
Croatia
53%
Paraguay
53%
Afghanistan
51%
Belgium
51%
Cameroon
51%
Kazakhstan
51%
Niger
51%
Pakistan
51%
Sudan
51%
Togo
51%
Zambia
51%
Bosnia and Herzegovina
49%
El Salvador
49%
Honduras
49%
Republic of the Congo
49%
Saudi Arabia
49%
Serbia
49%
Slovenia
49%
Ukraine
49%
Vietnam
49%
Benin
47%
Ghana
47%
Latvia
47%
Montenegro
47%
Nigeria
47%
Zimbabwe
47%
Albania
46%
Estonia
46%
Mali
46%
Slovakia
46%
Tanzania
46%
Uruguay
46%
Angola
44%
Armenia
44%
Bangladesh
44%
Botswana
44%
Iraq
44%
Kosovo
44%
Liechtenstein
44%
Lithuania
44%
Mauritania
44%
Swaziland
44%
Thailand
44%
Azerbaijan
42%
Ethiopia
42%
Kyrgyzstan
42%
Mongolia
42%
Netherlands
42%
Romania
42%
Tajikistan
42%
Tunisia
42%
Turkmenistan
42%
Ecuador
41%
Egypt
41%
Georgia
41%
Kenya
41%
Luxembourg
41%
South Sudan
41%
Uganda
41%
Uzbekistan
41%
Hungary
39%
Moldova
39%
Morocco
39%
Senegal
39%
Cote d'Ivoire
37%
Eritrea
37%
Israel
37%
Namibia
37%
Syria
37%
Djibouti
36%
Burundi
34%
Kuwait
34%
Lebanon
34%
Malawi
34%
North Korea
34%
Rwanda
34%
Equatorial Guinea
32%
Gabon
32%
Somalia
32%
Guinea
31%
Guyana
31%
Jordan
31%
Finland
29%
Guinea-Bissau
29%
Norway
29%
Suriname
29%
Sweden
29%
Oman
25%
Venezuela
25%
Liberia
22%
Sierra Leone
22%
Yemen
20%
United Arab Emirates
17%
No matching quizzes found
Score Distribution
Percent of People with Each Score
Percentile by Number Answered
Your Score History
You have not taken this quiz